| 000 | 00622nam a2200157 a 4500 | ||
|---|---|---|---|
| 001 | 000038535 | ||
| 005 | 20201002031304.0 | ||
| 008 | 130412s1994 dr ac 000 0 spa d | ||
| 040 |
_aDO-SdBNP _bspa _cBNPHU |
||
| 100 | 1 |
_aCabal, Miguel _99628 |
|
| 245 | 1 | 0 |
_aMicroempresas y pequeñas empresas en los subsectores de confección de ropa y metalmecanica en Santo Domingo / _cMiguel Cabal, Patricia Cely. |
| 260 |
_aSanto Domingo : _bFondo para el Financiamiento de la Microempresa (FONDIMICRO), _c1994. |
||
| 300 |
_a76 p. : _bil. ; _c29 cm. |
||
| 500 | _aIncluye notas al pie de las páginas | ||
| 700 | 1 |
_aCely, Patricia _954495 |
|
| 999 |
_c38025 _d38025 |
||